000 00746nam a22002297a 4500
003 OSt
005 20230928064108.0
008 221006b |||||||| |||| 00| 0 eng d
020 _a84 8026 140 4
040 _cBiblioteca Lado V
082 _a707
_bB772m
100 _91087
_aBourgeois, Louise
_eautor
245 _aMemoria y Arquitectura/
_bCuaderno Didáctico/
260 _bMinisterio de Educación y Cultura
_c1999
_aMadrid
300 _c21x21cm
_a24p.
366 _espa
505 _tPresentación
650 _2Tesauro de Arte & Arquitectura
_aARTE
_9703
650 _2Tesauro de Arte & Arquitectura
_aEDUCACIÓN
_9702
650 _2Tesauro de Arte & Arquitectura
_aDIDACTICA
_9702
942 _2ddc
_c1
_h707
_iB772m
_n0
999 _c4366
_d4366